000
00319nam a2200133Ia 4500
008
191201s2007 xx 000 0 und d
082
_a
621.319
_b
RAE
100
_a
Ray, Subir
245
0
_a
Electrical Power Systems
260
_a
N.Delhi
_b
Prentice Hall
_c
2007
300
_a
646
650
_a
B.Tech(IT)
942
_2
ddc
_c
BK
999
_c
3265
_d
3265